European Landmarks by Country Quiz Stats

 Plays Quiz Updated Jul 14, 2016

Challenge
Share
Tweet
Embed
Score 0/25 Timer 04:00
7 Plays Today
% Correct
Italy
98%
France
94.6%
Greece
94.2%
United Kingdom
91.8%
Russia
88.8%
Ireland
81.6%
Germany
72.7%
Spain
66.3%
Norway
63.9%
Austria
48.7%
Finland
46.9%
Poland
41.7%
Czechia
41.5%
% Correct
Cyprus
38.9%
Denmark
38.7%
Belgium
36.5%
Albania
34%
Switzerland
33%
Sweden
31.8%
Portugal
31.3%
Romania
30.2%
Iceland
29.8%
Netherlands
26.4%
Liechtenstein
23.9%
Hungary
13.2%

You're not logged in!

Compare scores with friends on all Sporcle quizzes.
OR
Log In

You Might Also Like...

Show Comments

Extras

Top Quizzes Today


Score Distribution

Your Account Isn't Verified!

In order to create a playlist on Sporcle, you need to verify the email address you used during registration. Go to your Sporcle Settings to finish the process.

Report this User

Report this user for behavior that violates our Community Guidelines.

Details: